000 00290nam a22001217a 4500
008 180316b xxu||||| |||| 00| 0 eng d
041 _aeng
080 _a37
100 _a25
101 _aedu
245 _athe writers options college sentence combining
_cdaiker.d.a
942 _2udc
_cBK
999 _c45217
_d45217